Implementing IPsec : making security work on VPNs, intranets, and extranets

Αποθηκεύτηκε σε:
Λεπτομέρειες βιβλιογραφικής εγγραφής
Κύριος συγγραφέας: Kaufman, Elizabeth 1967-
Άλλοι συγγραφείς: Newman, Andrew 1964-
Μορφή: Βιβλίο
Γλώσσα:English
Δημοσίευση: New York : Wiley, 1999
Θέματα:
Ετικέτες: Προσθήκη ετικέτας
Δεν υπάρχουν, Καταχωρήστε ετικέτα πρώτοι!

MARC

LEADER 00000nam a2200000 i 4500
001 1/13270
008 001123s1999 eng d
020 |a 0471344672 
035 |l 10064553 
040 |a GR-MY-UA  |b gre  |e aacr 
041 0 |a eng 
082 0 |a 004.62 
100 1 |a Kaufman, Elizabeth  |d 1967- 
245 1 0 |a Implementing IPsec :  |b making security work on VPNs, intranets, and extranets /  |c Elizabeth Kaufman, Andrew Newman. 
260 |a New York :   |b Wiley,   |c 1999 
300 |a xvi, 271 p.;  |b ill.;  |c 25 cm. 
504 |a Includes bibliographical references and index. 
650 0 0 |a IPSec (Computer network protocol) 
650 0 0 |a Computer networks  |x Security measures. 
700 1 |a Newman, Andrew  |d 1964- 
852 |a INST  |b SAMOS  |e 20001123  |h 004.62 KAU  |p 005300018384  |q 005300018384  |t BK  |y 23 
852 |a INST  |b SAMOS  |e 20001123  |h 004.62 KAU  |p 005300018385  |q 005300018385  |t BK  |y 0 
852 |a INST  |b SAMOS  |e 20010424  |h 004.62 KAU  |p 005300021022  |q 005300021022  |t BK  |y 0 
901 |a BIBL3-2000-3 
909 |a Σ  |b 081335 
909 |a Σ  |b 081336 
909 |a Σ  |b 086429 
922 |a 3ΕΛΗ  |b 200011  |c ΤΠΕΣ/ΠΟΛ  |d LEADER 
922 |a 3ΕΛΗ  |b 200008  |c ΤΠΕΣ/ΠΟΛ2  |d LEADER 
970 |a ΓΟΥΒΑΛΑ  |b ΒΑΣΩ  |z 2000/11/23